| 000 | 00752nam a2200241 a 4500 | ||
|---|---|---|---|
| 001 | 42260 | ||
| 003 | BD-RjUL | ||
| 005 | 20211209053520.0 | ||
| 008 | 160611s1984 nyu 000 0 eng | ||
| 020 | _a0151547483 | ||
| 035 | _a(BD-RjUL)42378 | ||
| 040 |
_aBD-RjUL _beng _cBD-RjUL |
||
| 041 | _aeng | ||
| 082 | 0 |
_223 _a327.73 _bMOL 1984 |
|
| 100 | 1 |
_aMoynihan, Daniel P. _q(Daniel Patrick), _d1927-2003. _9129961 |
|
| 245 | 1 | 0 |
_aLoyalties / _cDaniel Patrick Moynihan. |
| 260 |
_aNew York : _bHarcourt Brace Jovanovich, _cc1984. |
||
| 300 |
_axi, 96 p. ; _c24 cm. |
||
| 650 | 0 |
_aInternational law. _9129962 |
|
| 650 | 0 |
_a Foreign relations _y1945-1989. _zUnited States _9129963 |
|
| 651 | 0 |
_aUnited States _xMilitary policy. _9125598 |
|
| 942 |
_2ddc _cBK |
||
| 999 |
_c42260 _d42260 |
||